Statistieken voor Nederlandse gemeenten die beginnen met een K

Klik hier om de quiz te nemen!

Algemene statistieken

  • Deze quiz is 8 keer genomen
  • De gemiddelde score is 3 van 8

Antwoordstatistieken

Nr.Antwoord% Correct
2Kampen
75%
5Kerkrade
50%
3Kapelle
38%
4Katwijk
38%
7Krimpen aan den Ijssel
38%
8Krimpenerwaard
38%
1Kaag en Braassem
25%
6Koggenland
25%

Scoreverdeling

Percentiel versus Aantal Correcte Antwoorden

Procent van Mensen met Elke Score

Uw Scoregeschiedenis

U heeft deze quiz nog niet genomen